[Event "Staufer op 18th"]
[Site "Schwaebisch Gmuend"]
[Date "2006.01.03"]
[Round "3"]
[White "Joachim, Sven"]
[Black "Wiertzema, Michael"]
[Result "1-0"]
[WhiteElo "2480"]
[BlackElo "2231"]
[PlyCount "55"]
[EventDate "2006.01.02"]
[EventType "swiss"]
[EventRounds "9"]
[EventCountry "GER"]
[SourceTitle "EXT 2007"]
[Source "ChessBase"]
[SourceDate "2006.11.23"]
[SourceVersion "1"]
[SourceVersionDate "2006.11.23"]
[SourceQuality "1"]

1. e4 c5 2. Nf3 d6 3. d4 cxd4 4. Nxd4 Nf6 5. Nc3 a6 6. Be3 e5 7. Nb3 Be6 8. f3 b5 9. a4 b4 10. Nd5 Nxd5 11. exd5 Bf5 12. a5 Nd7 13. Bd3 Bxd3 14. Qxd3 Be7 15. 0-0 0-0 16. Ra4 Nc5 17. Bxc5 dxc5 18. Rd1 Qd7 19. Raa1 Rfd8 20. Qe4 Rac8 21. Qc4 Qb5 22. Qxb5 axb5 23. a6 Ra8 24. Na5 Rd7 25. Nc6 Bd6 26. Ra5 f6 27. Rda1 Bf8 28. Rxb5 1-0

[Event "Oberliga Nord W 0506"]
[Site "Germany"]
[Date "2005.10.23"]
[Round "1.1"]
[White "Wiertzema, Michael"]
[Black "Markgraf, Alexander"]
[Result "0-1"]
[WhiteElo "2231"]
[BlackElo "2394"]
[PlyCount "82"]
[EventDate "2005.10.23"]
[EventType "team-tourn"]
[EventRounds "9"]
[EventCountry "GER"]
[SourceTitle "CBM 111 Extra"]
[Source "ChessBase"]
[SourceDate "2006.05.09"]
[SourceVersion "1"]
[SourceVersionDate "2006.05.09"]
[SourceQuality "1"]
[WhiteTeam "Jever"]
[BlackTeam "Goettingen"]
[WhiteTeamCountry "GER"]
[BlackTeamCountry "GER"]

1. e4 c5 2. Nf3 e6 3. d4 cxd4 4. Nxd4 a6 5. Bd3 Bc5 6. Nb3 Ba7 7. Qe2 Nc6 8. Nc3 d6 9. Bf4 b5 10. Rd1 e5 11. Be3 Nf6 12. h3 0-0 13. 0-0 h6 14. a4 bxa4 15. Nxa4 Bxe3 16. Qxe3 Be6 17. Nd2 Nb4 18. c4 Rb8 19. b3 Nd7 20. Bb1 Qc7 21. Nf3 Nc5 22. Nxc5 dxc5 23. Rd5 Bxd5 24. exd5 Rbe8 25. g4 e4 26. Nd2 f5 27. gxf5 Rxf5 28. Nxe4 Rg5+ 29. Kh1 Rge5 30. Rg1 Qe7 31. f3 Qh4 32. Kh2 Rf8 33. Rg4 Qh5 34. Kg3 Ref5 35. f4 Qe8 36. Qxc5 h5 37. Rh4 Qg6+ 38. Ng5 Rxg5+ 39. fxg5 Qxg5+ 40. Rg4 hxg4 41. hxg4 Qf4+ 0-1

[Event "Oberliga Nord W 0405"]
[Site "Germany"]
[Date "2005.01.16"]
[Round "5.2"]
[White "Wiertzema, Michael"]
[Black "Weyrich, Morten"]
[Result "0-1"]
[WhiteElo "2210"]
[BlackElo "2312"]
[PlyCount "113"]
[EventDate "2004.10.24"]
[EventType "team-tourn"]
[EventRounds "9"]
[EventCountry "GER"]
[SourceTitle "EXT 2006"]
[Source "ChessBase"]
[SourceDate "2005.11.24"]
[SourceVersion "1"]
[SourceVersionDate "2005.11.24"]
[SourceQuality "1"]
[WhiteTeam "Jever"]
[BlackTeam "Hameln"]
[WhiteTeamCountry "GER"]
[BlackTeamCountry "GER"]

1. e4 e5 2. Nf3 Nc6 3. Bb5 a6 4. Ba4 d6 5. Bxc6+ bxc6 6. d4 f6 7. Be3 g6 8. Qd2 Bg7 9. Nc3 Bg4 10. h3 Bxf3 11. gxf3 Ne7 12. 0-0-0 Qb8 13. f4 exd4 14. Bxd4 Qb4 15. a3 Qa5 16. Ne2 Qxd2+ 17. Rxd2 Kf7 18. h4 Rhe8 19. h5 Rad8 20. Ng3 d5 21. f3 Nc8 22. hxg6+ hxg6 23. Bc3 Nd6 24. Kb1 dxe4 25. fxe4 Nc4 26. Rd3 c5 27. Rhd1 Rxd3 28. cxd3 Rd8 29. Nf1 Nd6 30. Kc2 Bh6 31. Ne3 c6 32. Rf1 Nb5 33. Ng4 Bg7 34. f5 g5 35. e5 fxe5 36. f6 Bf8 37. Nxe5+ Ke6 38. Nxc6 Rc8 39. Re1+ Kf7 40. Ne5+ Kxf6 41. Nd7+ Kf7 42. Rf1+ Ke7 43. Nb6 Rc6 44. Nd5+ Ke8 45. Rf6 Rxf6 46. Bxf6 Bh6 47. a4 Nd6 48. Be7 Kd7 49. Kb3 Ke6 50. Bxd6 Kxd5 51. Bg3 Bg7 52. Kc2 g4 53. b3 Be5 54. Be1 g3 55. Kd2 g2 56. Bf2 Bd4 57. Ke2 0-1

[Event "Oberliga Nord W 0405"]
[Site "Germany"]
[Date "2004.11.28"]
[Round "3.2"]
[White "Wiertzema, Michael"]
[Black "Markgraf, Alexander"]
[Result "0-1"]
[WhiteElo "2210"]
[BlackElo "2345"]
[PlyCount "42"]
[EventDate "2004.10.24"]
[EventType "team-tourn"]
[EventRounds "9"]
[EventCountry "GER"]
[SourceTitle "EXT 2006"]
[Source "ChessBase"]
[SourceDate "2005.11.24"]
[SourceVersion "1"]
[SourceVersionDate "2005.11.24"]
[SourceQuality "1"]
[WhiteTeam "Jever"]
[BlackTeam "Goettingen Tempo"]
[WhiteTeamCountry "GER"]
[BlackTeamCountry "GER"]

1. e4 c5 2. Nf3 e6 3. c3 d5 4. exd5 exd5 5. d4 Nc6 6. Bb5 Bd6 7. dxc5 Bxc5 8. 0-0 Nge7 9. Nbd2 0-0 10. Nb3 Bb6 11. Bd3 Qd6 12. Ng5 h6 13. Qh5 Nf5 14. Nh3 g6 15. Qd1 Kg7 16. Bf4 Qf6 17. g4 Nh4 18. Bxh6+ Kg8 19. Bxf8 Nf3+ 20. Kg2 Bxg4 21. Ng1 Nh4+ 0-1

[Event "Oberliga Nord W 0405"]
[Site "Germany"]
[Date "2004.10.24"]
[Round "1.2"]
[White "Wiertzema, Michael"]
[Black "Schuette, Marc"]
[Result "1-0"]
[WhiteElo "2210"]
[BlackElo "2249"]
[PlyCount "79"]
[EventDate "2004.10.24"]
[EventType "team-tourn"]
[EventRounds "9"]
[EventCountry "GER"]
[SourceTitle "EXT 2006"]
[Source "ChessBase"]
[SourceDate "2005.11.24"]
[SourceVersion "1"]
[SourceVersionDate "2005.11.24"]
[SourceQuality "1"]
[WhiteTeam "Jever"]
[BlackTeam "Oldenburg Union"]
[WhiteTeamCountry "GER"]
[BlackTeamCountry "GER"]

1. e4 d5 2. exd5 Qxd5 3. Nc3 Qa5 4. d4 Nf6 5. Bc4 c6 6. Nf3 Bg4 7. h3 Qh5 8. Be2 e6 9. Bf4 Bxf3 10. Bxf3 Qf5 11. Qd2 Bb4 12. a3 Bxc3 13. bxc3 Ne4 14. Qe3 Nxc3 15. Bxb8 Qxc2 16. Rc1 Qb2 17. Rxc3 Rxb8 18. 0-0 Qb6 19. Rb3 Qc7 20. Rc1 0-0 21. Rc5 Rfe8 22. Qe5 Rbc8 23. Qxc7 Rxc7 24. d5 exd5 25. Bxd5 Rd7 26. Bf3 Re1+ 27. Kh2 g6 28. Rc2 f5 29. Rcb2 Ree7 30. Kg3 Kf7 31. Re2 Rxe2 32. Bxe2 b5 33. Rc3 f4+ 34. Kxf4 Rd4+ 35. Ke3 Ra4 36. Bd1 Ra5 37. Kd4 b4 38. Bb3+ Kf6 39. Rf3+ Ke7 40. axb4 1-0

[Event "Oberliga Nord W 0304"]
[Site "Germany"]
[Date "2004.03.28"]
[Round "8.1"]
[White "Wiertzema, Michael"]
[Black "Zumsande, Martin"]
[Result "1/2-1/2"]
[WhiteElo "2205"]
[BlackElo "2398"]
[PlyCount "89"]
[EventDate "2003.10.12"]
[EventType "team-tourn"]
[EventRounds "9"]
[EventCountry "GER"]
[SourceTitle "EXT 2005"]
[Source "ChessBase"]
[SourceDate "2004.11.15"]
[SourceVersion "1"]
[SourceVersionDate "2004.11.15"]
[SourceQuality "1"]
[WhiteTeam "Jever"]
[BlackTeam "Goettingen Tempo"]
[WhiteTeamCountry "GER"]
[BlackTeamCountry "GER"]

1. e4 e6 2. d3 d5 3. Nd2 Nf6 4. Ngf3 Nc6 5. c3 a5 6. Be2 dxe4 7. dxe4 e5 8. h3 Bc5 9. 0-0 0-0 10. Qc2 Nh5 11. Nb3 Bb6 12. Bg5 f6 13. Bc4+ Kh8 14. Rad1 Qe8 15. Bc1 a4 16. Na1 Na5 17. Bd3 Be6 18. b4 axb3 19. axb3 Qf7 20. b4 Nc4 21. Qb1 g5 22. Nh2 Nf4 23. Nc2 Nd6 24. Be3 Nxd3 25. Rxd3 Bc4 26. Rxd6 Bxe3 27. Nxe3 cxd6 28. Rd1 Ra6 29. b5 Ra2 30. Nhg4 Rfa8 31. Qb4 Ra1 32. Rxa1 Rxa1+ 33. Kh2 Be6 34. Qxd6 Kg7 35. Nd5 Bxg4 36. hxg4 h5 37. Ne3 hxg4 38. Kg3 Rc1 39. c4 Rc3 40. Kxg4 Kg6 41. c5 Rxe3 42. fxe3 Qc4 43. Qd5 Qe2+ 44. Kg3 Qe1+ 45. Kh2 1/2-1/2

[Event "Oberliga Nord W 0304"]
[Site "Germany"]
[Date "2004.01.18"]
[Round "5.2"]
[White "Wiertzema, Michael"]
[Black "Heissler, Jakob"]
[Result "0-1"]
[WhiteElo "2205"]
[BlackElo "2449"]
[PlyCount "73"]
[EventDate "2003.10.12"]
[EventType "team-tourn"]
[EventRounds "9"]
[EventCountry "GER"]
[SourceTitle "EXT 2005"]
[Source "ChessBase"]
[SourceDate "2004.11.15"]
[SourceVersion "1"]
[SourceVersionDate "2004.11.15"]
[SourceQuality "1"]
[WhiteTeam "Jever"]
[BlackTeam "Werder Bremen II"]
[WhiteTeamCountry "GER"]
[BlackTeamCountry "GER"]

1. b3 c5 2. Bb2 e6 3. e3 Nf6 4. Nf3 a6 5. c4 Be7 6. Be2 0-0 7. 0-0 d6 8. d4 b6 9. Nc3 Bb7 10. Qd3 Nbd7 11. Rfd1 Re8 12. Nd2 Qc7 13. Rac1 Rad8 14. Bf3 Qb8 15. h3 h6 16. a3 Bf8 17. Bxb7 Qxb7 18. Nf3 Rb8 19. a4 cxd4 20. Nxd4 Nc5 21. Qc2 Rbc8 22. b4 Ncd7 23. Qb3 Rc7 24. b5 Nc5 25. Qc2 Nfd7 26. bxa6 Qxa6 27. Ndb5 Rc6 28. Rd2 Ne5 29. Rd4 Ra8 30. Ra1 Nb7 31. Qe4 Rac8 32. Na2 Nc5 33. Qh4 Qxa4 34. Nxd6 Rxd6 35. f4 Ng6 36. Qf2 Nd3 37. Rxd3 0-1

[Event "Oberliga Nord W 0304"]
[Site "Germany"]
[Date "2003.12.14"]
[Round "4.2"]
[White "Mossakowski, Florian"]
[Black "Wiertzema, Michael"]
[Result "1/2-1/2"]
[WhiteElo "2331"]
[BlackElo "2205"]
[PlyCount "121"]
[EventDate "2003.10.12"]
[EventType "team-tourn"]
[EventRounds "9"]
[EventCountry "GER"]
[SourceTitle "EXT 2005"]
[Source "ChessBase"]
[SourceDate "2004.11.15"]
[SourceVersion "1"]
[SourceVersionDate "2004.11.15"]
[SourceQuality "1"]
[WhiteTeam "Bremer SG II"]
[BlackTeam "Jever"]
[WhiteTeamCountry "GER"]
[BlackTeamCountry "GER"]

1. e4 e6 2. d4 d5 3. e5 c5 4. c3 Nc6 5. Nf3 Bd7 6. Be3 Qb6 7. Qd2 Nh6 8. dxc5 Bxc5 9. Bxc5 Qxc5 10. h3 0-0 11. Na3 f6 12. exf6 Rxf6 13. 0-0-0 Nf7 14. Bb5 a6 15. Bxc6 Bxc6 16. Rhe1 e5 17. Nc2 Rf8 18. Kb1 Nd6 19. Qe3 Qxe3 20. fxe3 e4 21. Ne5 Rf2 22. Rg1 Re2 23. Nd4 Rxe3 24. Ndxc6 bxc6 25. Nxc6 Rf2 26. Rgf1 Ree2 27. Rxf2 Rxf2 28. Rxd5 Nc4 29. b3 Na3+ 30. Kc1 Rxa2 31. Nb4 Rxg2 32. Re5 Nb5 33. Rxe4 Nxc3 34. Re3 Na2+ 35. Nxa2 Rxa2 36. Re4 h5 37. Kd1 Kf7 38. Ke1 Kf6 39. Kf1 Kf5 40. Rc4 g5 41. Kg1 a5 42. b4 a4 43. b5 a3 44. b6 Rb2 45. Ra4 a2 46. b7 Rxb7 47. Rxa2 Rb3 48. Kg2 Kf4 49. Ra4+ Ke3 50. Ra5 Rb2+ 51. Kg1 Kf4 52. Ra4+ Kg3 53. Ra3+ Kh4 54. Rc3 Re2 55. Ra3 g4 56. hxg4 hxg4 57. Rb3 Ra2 58. Rc3 Ra4 59. Kg2 g3 60. Rc8 Ra2+ 61. Kg1 1/2-1/2

[Event "Oberliga Nord W 0304"]
[Site "Germany"]
[Date "2003.11.23"]
[Round "3.3"]
[White "Walter, Stefan"]
[Black "Wiertzema, Michael"]
[Result "0-1"]
[WhiteElo "2129"]
[BlackElo "2205"]
[PlyCount "66"]
[EventDate "2003.10.12"]
[EventType "team-tourn"]
[EventRounds "9"]
[EventCountry "GER"]
[SourceTitle "EXT 2005"]
[Source "ChessBase"]
[SourceDate "2004.11.15"]
[SourceVersion "1"]
[SourceVersionDate "2004.11.15"]
[SourceQuality "1"]
[WhiteTeam "Delmenhorst"]
[BlackTeam "Jever"]
[WhiteTeamCountry "GER"]
[BlackTeamCountry "GER"]

1. d4 Nf6 2. c4 e6 3. Nc3 Bb4 4. Qc2 0-0 5. a3 Bxc3+ 6. Qxc3 Ne4 7. Qc2 f5 8. g3 b6 9. Bg2 Bb7 10. Nf3 h6 11. 0-0 Nf6 12. b3 d6 13. d5 exd5 14. Nd4 Qd7 15. Nxf5 Ng4 16. Ne3 Nxe3 17. Bxe3 c5 18. cxd5 a5 19. Bd2 Na6 20. Bc3 Nc7 21. Rad1 a4 22. Qg6 Rfe8 23. e4 Nb5 24. Bb2 axb3 25. a4 Rxa4 26. Ra1 Rb4 27. Rfc1 Qf7 28. Qg4 Bxd5 29. Qd1 Bxe4 30. Bf1 Nd4 31. Bxd4 Rxd4 32. Qe2 b2 33. Qxb2 Qf3 0-1

[Event "Staufer op 15th"]
[Site "Schwaebisch Gmuend"]
[Date "2003.01.04"]
[Round "6"]
[White "Wiertzema, Michael"]
[Black "Kabisch, Thilo"]
[Result "0-1"]
[WhiteElo "2149"]
[BlackElo "2310"]
[PlyCount "102"]
[EventDate "2003.01.02"]
[EventType "swiss"]
[EventRounds "9"]
[EventCountry "GER"]
[SourceTitle "EXT 2004"]
[Source "ChessBase"]
[SourceDate "2003.11.25"]
[SourceVersion "1"]
[SourceVersionDate "2003.11.25"]
[SourceQuality "1"]

1. d4 Nf6 2. g3 g6 3. Bg2 Bg7 4. e4 d6 5. Nc3 0-0 6. Nge2 c5 7. d5 a6 8. a4 e6 9. 0-0 exd5 10. Nxd5 Nxd5 11. Qxd5 Nc6 12. Rd1 Bg4 13. f3 Be6 14. Qxd6 Bd4+ 15. Rxd4 Nxd4 16. Qxd8 Rfxd8 17. Nxd4 cxd4 18. Bd2 Rac8 19. c3 d3 20. a5 f5 21. e5 Rc5 22. f4 Bd5 23. Bxd5+ Rdxd5 24. Rd1 Rc4 25. Be3 Kf7 26. Bd4 Rxa5 27. Rxd3 Ke6 28. b3 Rc6 29. Rd2 Ra1+ 30. Kg2 a5 31. Kh3 Rb1 32. Ra2 b6 33. Ra3 Kd5 34. Kh4 h6 35. h3 Ke4 36. Ra4 Kd3 37. Rc4 Rxc4 38. bxc4 Kxc4 39. e6 Re1 40. Be5 g5+ 41. Kh5 gxf4 42. gxf4 Rg1 43. e7 Rg8 44. Kxh6 a4 45. Kh7 Re8 46. Bd6 Kd5 47. Ba3 Ke6 48. h4 Rxe7+ 49. Kg6 Rc7 50. Bb4 Rc4 51. Kg5 Rxb4 0-1

[Event "Nord West Cup 05th"]
[Site "Bad Zwischenahn"]
[Date "2003.??.??"]
[Round "3"]
[White "Heinemann, Ernst"]
[Black "Wiertzema, Michael"]
[Result "1-0"]
[WhiteElo "2263"]
[BlackElo "2149"]
[PlyCount "63"]
[EventDate "2003.02.??"]
[EventType "swiss"]
[EventRounds "7"]
[EventCountry "GER"]
[SourceTitle "EXT 2004"]
[Source "ChessBase"]
[SourceDate "2003.11.25"]
[SourceVersion "1"]
[SourceVersionDate "2003.11.25"]
[SourceQuality "1"]

1. e4 c5 2. Nf3 Nc6 3. Bb5 d6 4. 0-0 Bd7 5. Re1 a6 6. Bxc6 Bxc6 7. b3 e5 8. d3 Be7 9. Nbd2 g5 10. Nf1 g4 11. N3d2 h5 12. Nc4 f5 13. exf5 Bf6 14. Bb2 b5 15. Ncd2 Qd7 16. Ne4 0-0-0 17. Ne3 Rh7 18. Qd2 Qb7 19. c4 b4 20. a3 a5 21. axb4 axb4 22. Qc2 Rg7 23. Ra5 Bg5 24. Rea1 Bxe3 25. fxe3 Bxe4 26. dxe4 Rc7 27. Qd3 Nf6 28. Ra8+ Kd7 29. Rxd8+ Kxd8 30. Qxd6+ Nd7 31. Bxe5 Rc6 32. Qd5 1-0

[Event "Nord West Cup 05th"]
[Site "Bad Zwischenahn"]
[Date "2003.??.??"]
[Round "5"]
[White "Segelken, Peter"]
[Black "Wiertzema, Michael"]
[Result "0-1"]
[WhiteElo "2009"]
[BlackElo "2149"]
[PlyCount "66"]
[EventDate "2003.02.??"]
[EventType "swiss"]
[EventRounds "7"]
[EventCountry "GER"]
[SourceTitle "EXT 2004"]
[Source "ChessBase"]
[SourceDate "2003.11.25"]
[SourceVersion "1"]
[SourceVersionDate "2003.11.25"]
[SourceQuality "1"]

1. d4 Nf6 2. Nc3 d5 3. Bg5 Nbd7 4. e3 g6 5. Bd3 Bg7 6. Nge2 c6 7. f3 e5 8. 0-0 h6 9. Bh4 0-0 10. e4 dxe4 11. Nxe4 Qb6 12. Bf2 Qxb2 13. Qd2 exd4 14. Rab1 Qa3 15. Rb3 Qe7 16. Nxd4 Nxe4 17. Bxe4 Nc5 18. Qb4 Re8 19. Nxc6 bxc6 20. Bxc5 Qe6 21. Re3 Ba6 22. Rfe1 Qxa2 23. Bd5 Qxd5 24. Rxe8+ Rxe8 25. Rxe8+ Kh7 26. Kf2 Qd1 27. Qe4 Qd2+ 28. Kg3 Qg5+ 29. Kf2 Qxc5+ 30. Kg3 Bc4 31. h4 Be6 32. f4 h5 33. Qe2 a5 0-1

[Event "Nord West Cup 05th"]
[Site "Bad Zwischenahn"]
[Date "2003.??.??"]
[Round "4"]
[White "Wiertzema, Michael"]
[Black "Leppert, Hans Juergen"]
[Result "1-0"]
[WhiteElo "2149"]
[BlackElo "1822"]
[PlyCount "81"]
[EventDate "2003.02.??"]
[EventType "swiss"]
[EventRounds "7"]
[EventCountry "GER"]
[SourceTitle "EXT 2004"]
[Source "ChessBase"]
[SourceDate "2003.11.25"]
[SourceVersion "1"]
[SourceVersionDate "2003.11.25"]
[SourceQuality "1"]

1. d4 f5 2. e4 fxe4 3. Nc3 Nf6 4. Bg5 e6 5. Nxe4 Be7 6. Ng3 b6 7. Bd3 Bb7 8. f3 Na6 9. c3 c5 10. N1e2 Qc7 11. a3 c4 12. Bc2 0-0-0 13. Qd2 h6 14. Bxf6 Bxf6 15. Be4 h5 16. Bxb7+ Qxb7 17. Ne4 Be7 18. h4 Qd5 19. 0-0-0 Nc7 20. Nf4 Qf5 21. d5 exd5 22. Nxd5 Nxd5 23. Qxd5 Qxd5 24. Rxd5 Rh6 25. Rhd1 Kc7 26. Ng5 Bxg5+ 27. Rxg5 Rh7 28. Rdd5 Rdh8 29. Rd4 Rg8 30. Rxc4+ Kb7 31. Rg6 Rh6 32. Rg5 g6 33. Rf4 Re8 34. Rf7 Kc6 35. Rf6+ Re6 36. Rxe6+ dxe6 37. Kd2 Kd6 38. a4 Ke7 39. a5 Kf6 40. axb6 axb6 41. Rb5 1-0

[Event "Nord West Cup 05th"]
[Site "Bad Zwischenahn"]
[Date "2003.??.??"]
[Round "6"]
[White "Wiertzema, Michael"]
[Black "Meyer, Malte"]
[Result "1/2-1/2"]
[WhiteElo "2149"]
[BlackElo "2244"]
[PlyCount "130"]
[EventDate "2003.02.??"]
[EventType "swiss"]
[EventRounds "7"]
[EventCountry "GER"]
[SourceTitle "EXT 2004"]
[Source "ChessBase"]
[SourceDate "2003.11.25"]
[SourceVersion "1"]
[SourceVersionDate "2003.11.25"]
[SourceQuality "1"]

1. c4 c6 2. d4 d5 3. e3 Nf6 4. Nc3 e6 5. Nf3 Nbd7 6. Qc2 Bd6 7. g4 Bb4 8. Bd2 b6 9. g5 Bxc3 10. Bxc3 Ne4 11. h4 Bb7 12. Rg1 0-0 13. cxd5 exd5 14. Bd3 f5 15. gxf6 Ndxf6 16. Ne5 Rc8 17. f3 Nxc3 18. bxc3 c5 19. Qg2 Qe7 20. Rd1 cxd4 21. cxd4 Rc7 22. h5 Nd7 23. Ng4 Kh8 24. Ke2 Rc3 25. Rd2 Rfc8 26. Qg3 Rxd3 27. Rxd3 Ba6 28. Rgd1 Qa3 29. Nf2 Qxa2+ 30. Ke1 Bxd3 31. Nxd3 h6 32. Nf4 Re8 33. Qf2 Qa3 34. Rd3 Qd6 35. Qg3 Kg8 36. Kf2 a5 37. Qg6 Qxg6 38. hxg6 Nf6 39. Rb3 Rb8 40. Rc3 a4 41. Ke2 b5 42. Kd2 b4 43. Rc6 b3 44. Kc1 a3 45. Ra6 a2 46. Kb2 h5 47. Nd3 Nd7 48. Nc1 Rb6 49. Ra8+ Nf8 50. Nxb3 Rxg6 51. Kxa2 h4 52. Kb2 Re6 53. e4 dxe4 54. d5 Re5 55. fxe4 Rxe4 56. d6 Kf7 57. Nc5 Rd4 58. Rxf8+ Kxf8 59. Ne6+ Ke8 60. Nxd4 Kd7 61. Kc3 h3 62. Nf3 g5 63. Nh2 Kxd6 64. Kd4 g4 65. Nxg4 h2 1/2-1/2

[Event "Oberliga Nord W 0203"]
[Site "Germany"]
[Date "2002.11.17"]
[Round "2.1"]
[White "Wiertzema, Michael"]
[Black "Janusch, Gerd"]
[Result "0-1"]
[WhiteElo "2149"]
[BlackElo "2208"]
[PlyCount "80"]
[EventDate "2002.10.20"]
[EventType "team"]
[EventRounds "9"]
[EventCountry "GER"]
[SourceTitle "EXT 2004"]
[Source "ChessBase"]
[SourceDate "2003.11.25"]
[SourceVersion "1"]
[SourceVersionDate "2003.11.25"]
[SourceQuality "1"]
[WhiteTeam "Jever"]
[BlackTeam "Bremen Nord"]
[WhiteTeamCountry "GER"]
[BlackTeamCountry "GER"]

1. Nf3 f5 2. e4 fxe4 3. Ng5 d5 4. d3 Qd6 5. Nc3 c6 6. dxe4 d4 7. Bc4 dxc3 8. Bf7+ Kd8 9. Bf4 e5 10. Bxe5 Qd2+ 11. Kf1 Nd7 12. Qxd2 cxd2 13. Bc3 h6 14. Nf3 Ngf6 15. Nxd2 Bc5 16. h3 Ke7 17. Bb3 Rf8 18. Rd1 Nh5 19. Nf3 Ndf6 20. Nh4 Nxe4 21. Ng6+ Ke8 22. Nxf8 Nxf2 23. Bd4 Bxd4 24. Rxd4 Nxh1 25. g4 Kxf8 26. gxh5 Ng3+ 27. Kf2 Nxh5 28. Rd8+ Ke7 29. Rg8 g5 30. Rh8 Nf4 31. h4 gxh4 32. Kf3 Ng6 33. Rxh6 Bf5 34. Rh7+ Kf6 35. Rxb7 h3 36. Kg3 Re8 37. Rf7+ Kg5 38. Rh7 Re3+ 39. Kf2 Re4 40. Rg7 Rh4 0-1

[Event "Oberliga Nord W 0203"]
[Site "Germany"]
[Date "2002.10.20"]
[Round "1.2"]
[White "Wiertzema, Michael"]
[Black "Hermann, Manfred"]
[Result "1-0"]
[WhiteElo "2149"]
[BlackElo "2338"]
[PlyCount "145"]
[EventDate "2002.10.20"]
[EventType "team"]
[EventRounds "9"]
[EventCountry "GER"]
[SourceTitle "EXT 2004"]
[Source "ChessBase"]
[SourceDate "2003.11.25"]
[SourceVersion "1"]
[SourceVersionDate "2003.11.25"]
[SourceQuality "1"]
[WhiteTeam "Jever"]
[BlackTeam "Oldenburg Union"]
[WhiteTeamCountry "GER"]
[BlackTeamCountry "GER"]

1. c4 c6 2. d4 d5 3. e3 Nf6 4. Nc3 e6 5. Nf3 Nbd7 6. Bd3 Bb4 7. 0-0 0-0 8. Qc2 Qe7 9. a3 Bd6 10. e4 dxc4 11. Bxc4 e5 12. Bg5 exd4 13. Nxd4 Bxh2+ 14. Kh1 Qc5 15. Nf5 Qxc4 16. Kxh2 h6 17. Bh4 Ng4+ 18. Kh1 Nc5 19. Ne7+ Kh8 20. Rae1 Nd3 21. Rd1 Nf4 22. Qd2 Ng6 23. Nxg6+ fxg6 24. Be7 Re8 25. f3 Be6 26. Bd6 Nf6 27. g4 g5 28. Rf2 Rad8 29. Qe3 b6 30. Rfd2 Rd7 31. Rd4 Qa6 32. Kg2 Kg8 33. b4 Qxa3 34. b5 c5 35. Qd2 Qb3 36. Rd3 Qc4 37. e5 Nxg4 38. fxg4 Qxg4+ 39. Rg3 Qc4 40. Qd3 Rf7 41. Nd5 Bxd5+ 42. Qxd5 Qe2+ 43. Kh1 Re6 44. Qd3 Qh5+ 45. Kg2 Rf4 46. Rf1 Qf7 47. Rgf3 Rg6 48. R1f2 Qe6 49. Kf1 c4 50. Qa3 Qd5 51. Qe3 Rd4 52. Rf8+ Kh7 53. Qf3 Rd1+ 54. Kg2 Qd4 55. Rd8 g4 56. Qa8 Re6 57. Rh8+ Kg6 58. Qb7 Qd5+ 59. Qxd5 Rxd5 60. Rc8 Rxb5 61. Rxc4 h5 62. Rc7 h4 63. Rff7 Rb2+ 64. Kf1 g3 65. Rxg7+ Kh5 66. Rg8 Rf2+ 67. Kg1 Re2 68. Rh7+ Rh6 69. Rhg7 Re1+ 70. Kg2 Re2+ 71. Kf3 Rf2+ 72. Ke4 Re6 73. Kd5 1-0

[Event "Nord West Cup 04th"]
[Site "Bad Zwischenahn"]
[Date "2002.??.??"]
[Round "5"]
[White "Issel, Oliver"]
[Black "Wiertzema, Michael"]
[Result "1-0"]
[WhiteElo "2232"]
[BlackElo "2169"]
[PlyCount "119"]
[EventDate "2002.02.??"]
[EventType "swiss"]
[EventRounds "7"]
[EventCountry "GER"]
[SourceTitle "EXT 2003"]
[Source "ChessBase"]
[SourceDate "2002.11.25"]
[SourceVersion "1"]
[SourceVersionDate "2002.11.25"]
[SourceQuality "1"]

1. d4 Nf6 2. Nf3 e6 3. e3 c5 4. Bd3 b6 5. Nbd2 Bb7 6. 0-0 Qc7 7. c4 Nc6 8. b3 Be7 9. Bb2 Nb4 10. Bb1 g5 11. dxc5 bxc5 12. e4 g4 13. Ne5 Rg8 14. a3 Nc6 15. Nxc6 Qxc6 16. Bc2 Nh5 17. g3 f5 18. Bc3 f4 19. b4 Bd6 20. Ba4 Qc7 21. e5 Bxe5 22. Bxe5 Qxe5 23. Re1 Qc7 24. Rxe6+ Kf7 25. Re2 Nf6 26. Qc2 Rae8 27. Rae1 Rxe2 28. Rxe2 Rg5 29. Qc3 fxg3 30. fxg3 Qb6 31. Rf2 cxb4 32. axb4 Qe6 33. Bxd7 Qe1+ 34. Rf1 Qe5 35. Qxe5 Rxe5 36. c5 Ke7 37. c6 Nxd7 38. cxb7 Rb5 39. Rf4 h5 40. Nf1 Rxb7 41. Ne3 Ke6 42. h3 gxh3 43. Kh2 Nf6 44. Kxh3 Rd7 45. Kg2 Rd3 46. Kf2 Rb3 47. Rc4 Ke5 48. Nf1 Ne4+ 49. Rxe4+ Kd5 50. Rh4 Kc6 51. Ne3 Kb5 52. Nd5 Rb2+ 53. Kg1 Rd2 54. Rxh5 Kc4 55. g4 Kd4 56. Nf6 Ke3 57. Rf5 Rb2 58. b5 a5 59. bxa6 Ra2 60. Nd5+ 1-0

[Event "Nord West Cup 3rd"]
[Site "Oldenburg"]
[Date "2001.02.03"]
[Round "4"]
[White "Miezis, Normunds"]
[Black "Wiertzema, Michael"]
[Result "1-0"]
[WhiteElo "2532"]
[BlackElo "2175"]
[PlyCount "59"]
[EventDate "2001.02.01"]
[EventType "swiss"]
[EventRounds "7"]
[EventCountry "GER"]
[SourceTitle "EXT 2002"]
[Source "ChessBase"]
[SourceDate "2001.11.25"]
[SourceVersion "1"]
[SourceVersionDate "2001.11.25"]
[SourceQuality "1"]

1. c4 g6 2. Nc3 Bg7 3. g3 e5 4. Bg2 d6 5. d3 c6 6. e4 Be6 7. Nf3 h6 8. Be3 Ne7 9. Qe2 f5 10. d4 0-0 11. 0-0-0 Qa5 12. dxe5 dxe5 13. Qd2 fxe4 14. Qd6 Bg4 15. Nh4 Bxd1 16. Rxd1 Rf7 17. Nxg6 Nxg6 18. Qxg6 Nd7 19. Bxe4 Nf8 20. Qg4 Kh8 21. Qh5 Kg8 22. Bxh6 Rd8 23. Be3 Rxd1+ 24. Qxd1 Rd7 25. Qg4 Rd4 26. h4 Qd8 27. c5 Qf6 28. Qh5 b5 29. cxb6 axb6 30. Bc2 1-0

[Event "Nord West Cup 3rd"]
[Site "Oldenburg"]
[Date "2001.02.02"]
[Round "2"]
[White "Jobava, Baadur"]
[Black "Wiertzema, Michael"]
[Result "1-0"]
[WhiteElo "2518"]
[BlackElo "2175"]
[PlyCount "85"]
[EventDate "2001.02.01"]
[EventType "swiss"]
[EventRounds "7"]
[EventCountry "GER"]
[SourceTitle "EXT 2002"]
[Source "ChessBase"]
[SourceDate "2001.11.25"]
[SourceVersion "1"]
[SourceVersionDate "2001.11.25"]
[SourceQuality "1"]

1. d4 Nf6 2. c4 e6 3. Nf3 c5 4. d5 exd5 5. cxd5 Bd6 6. Nc3 Bc7 7. Bg5 Ba5 8. e4 d6 9. Bxf6 gxf6 10. Bb5+ Bd7 11. 0-0 Bxc3 12. Bxd7+ Qxd7 13. bxc3 Rg8 14. Nh4 Qh3 15. Qa4+ b5 16. Qxb5+ Nd7 17. Qc6 Rd8 18. f4 Qxh4 19. Qxd6 Qh3 20. Rf2 Qxc3 21. Raf1 Qd4 22. Kh1 Qxe4 23. Rb2 f5 24. Qh6 Rg6 25. Qxh7 Qxd5 26. Re2+ Re6 27. Rxe6+ fxe6 28. Qh5+ Ke7 29. Qg5+ Ke8 30. Qh5+ Ke7 31. Qg5+ Nf6 32. Qg7+ Kd6 33. Qxf6 Rg8 34. Qb2 c4 35. Qa3+ Kc7 36. Qxa7+ Qb7 37. Qf2 Qc6 38. Rc1 c3 39. h3 Rd8 40. Qa7+ Kc8 41. Rb1 Qc7 42. Qa6+ Kd7 43. Rb7 1-0